000 00307nam a22001337a 4500
008 190204b xxu||||| |||| 00| 0 eng d
020 _a9781451150223
041 _aeng
080 _a610.73
100 _a2
101 _aINF
245 _a2013 Lipincott's Nursing Drug Guide
_cKarch, A.M
942 _2udc
_cBK
999 _c53925
_d53925